| 000 | 00667nam a22002057a 4500 | ||
|---|---|---|---|
| 003 | DO-SdBNP | ||
| 005 | 20210901151701.0 | ||
| 008 | 210901b 2019 dr 00| 0 eng d | ||
| 020 | _a9789945504071 | ||
| 040 |
_aDO-SdBNP _bspa _cBNPHU |
||
| 100 | 1 |
_aPeña, Víctor Manuel _979701 |
|
| 245 | 1 | 3 |
_aEl dinero y la política monetaria / _cVíctor Manuel Peña |
| 260 |
_aSanto Domingo : _bEl Nuevo Diario, _c2019. |
||
| 300 |
_a202 p. ; _c23 cm. |
||
| 500 | _aIncluye datos biográficos del autor en las solapas | ||
| 500 | _aIncluye referencias bibliogríficas y notas al pie de las páginas | ||
| 590 | _aInventariado, 2021/BT | ||
| 910 | _aBtavárez | ||
| 942 |
_2ddc _cLBS1 |
||
| 999 |
_c50374 _d50374 |
||